| 000 | 00476nam a2200169Ia 4500 | ||
|---|---|---|---|
| 008 | 230917s9999||||xx |||||||||||||| ||und|| | ||
| 020 | _cUSD339.95 | ||
| 040 |
_e208902 _aMAIN |
||
| 041 | _aEnglish | ||
| 082 | _a570 M576S | ||
| 100 | _aMeyers, Robert A | ||
| 245 | 0 | _aSystems biology: Advances in molecular biology and medicine | |
| 260 |
_aWeinheim _bWiley-Blackwell _c2012 |
||
| 300 | _axv, 710 p. | ||
| 500 | _a2736 08/08/2013 5460 14/08/2013 Main Budget | ||
| 942 | _cBK | ||
| 999 |
_c22789 _d22789 |
||